000 01250cam a2200301 4500
001 ##L132071
008 051222n2004 000 0 eng u
020 _a0860176088
035 _a(Sirsi) u132071
041 0 _aeng
050 _a693.9 $2 18
100 1 _aGunn, Andrew
245 0 0 _aUse of sewerage sludge in construction
260 _aLondon
_bCIRIA
_c2004
300 _a166p.
_bill, charts
_c30cm.
490 0 _aCIRIA
_vC608
490 0 _aCIRIA Research Project
_v656
520 _aReport following on from CIRIA Research Project 655. Examines the current knowledge on the manufacture and properties of structural materials that use or incorporate sewerage sludge or incinerated sewerage sludge as an innovative alternative to disposal to landfill. Outlines the health and safety implications as well as the positive and negative impacts on the environment.
590 _aCIRIA
_vC608
690 _aBUILT ENVIRONMENT-BUILDING MATERIALS-NON TIMBER ANIMAL AND VEGETABLE MATERIALS
700 1 _aDewhurst, Rachel
700 1 _aGiorgetti, Annabelle
700 1 _aGillott, Nick
700 1 _aWishart, James
700 1 _aPedley, Stephen
710 2 _aConstruction Industry Research and Information Association
_94810
942 _n0
999 _c105005
_d105005